<?xml version="1.0" encoding="UTF-8"?>
<record
    xmlns:xsi="http://www.w3.org/2001/XMLSchema-instance"
    xsi:schemaLocation="http://www.loc.gov/MARC21/slim http://www.loc.gov/standards/marcxml/schema/MARC21slim.xsd"
    xmlns="http://www.loc.gov/MARC21/slim">

  <leader>00501nam a2200181   4500</leader>
  <controlfield tag="003">SEACOMEC</controlfield>
  <controlfield tag="005">20251008131525.0</controlfield>
  <controlfield tag="008">240703b        |||||||| |||| 00| 0 eng d</controlfield>
  <datafield tag="020" ind1=" " ind2=" ">
    <subfield code="a"> 81-7409-016-9</subfield>
    <subfield code="c">Rs.270.00</subfield>
  </datafield>
  <datafield tag="040" ind1=" " ind2=" ">
    <subfield code="a">SEACOMEC</subfield>
  </datafield>
  <datafield tag="082" ind1=" " ind2=" ">
    <subfield code="a">621.31042</subfield>
    <subfield code="b">B611</subfield>
  </datafield>
  <datafield tag="100" ind1=" " ind2=" ">
    <subfield code="a">Bimbhra, P. S</subfield>
  </datafield>
  <datafield tag="245" ind1="1" ind2=" ">
    <subfield code="a">Electrical machinery : Theory, performance and applications </subfield>
    <subfield code="c">P. S. Bimbhra </subfield>
  </datafield>
  <datafield tag="250" ind1=" " ind2=" ">
    <subfield code="a">7th ed.</subfield>
  </datafield>
  <datafield tag="260" ind1=" " ind2=" ">
    <subfield code="a"> New Delhi</subfield>
    <subfield code="b">Khanna</subfield>
    <subfield code="c"> 2008</subfield>
  </datafield>
  <datafield tag="650" ind1=" " ind2=" ">
    <subfield code="a"> Electric machinery</subfield>
  </datafield>
  <datafield tag="942" ind1=" " ind2=" ">
    <subfield code="c">BOOK</subfield>
  </datafield>
  <datafield tag="952" ind1=" " ind2=" ">
    <subfield code="0">0</subfield>
    <subfield code="1">0</subfield>
    <subfield code="2">ddc</subfield>
    <subfield code="4">0</subfield>
    <subfield code="7">0</subfield>
    <subfield code="a">SEACOMEC</subfield>
    <subfield code="b">SEACOMEC</subfield>
    <subfield code="d">2008-03-25</subfield>
    <subfield code="l">0</subfield>
    <subfield code="o">621.31042 B611</subfield>
    <subfield code="p">10276</subfield>
    <subfield code="r">2024-07-03 11:24:40</subfield>
    <subfield code="w">2024-07-03</subfield>
    <subfield code="y">BOOK</subfield>
  </datafield>
  <datafield tag="952" ind1=" " ind2=" ">
    <subfield code="0">0</subfield>
    <subfield code="1">0</subfield>
    <subfield code="2">ddc</subfield>
    <subfield code="4">0</subfield>
    <subfield code="7">0</subfield>
    <subfield code="a">SEACOMEC</subfield>
    <subfield code="b">SEACOMEC</subfield>
    <subfield code="d">2008-03-25</subfield>
    <subfield code="l">0</subfield>
    <subfield code="o">621.31042 B611</subfield>
    <subfield code="p">10277</subfield>
    <subfield code="r">2024-07-03 11:25:09</subfield>
    <subfield code="t">1</subfield>
    <subfield code="w">2024-07-03</subfield>
    <subfield code="y">BOOK</subfield>
  </datafield>
  <datafield tag="952" ind1=" " ind2=" ">
    <subfield code="0">0</subfield>
    <subfield code="1">0</subfield>
    <subfield code="2">ddc</subfield>
    <subfield code="4">0</subfield>
    <subfield code="7">0</subfield>
    <subfield code="a">SEACOMEC</subfield>
    <subfield code="b">SEACOMEC</subfield>
    <subfield code="d">2008-08-27</subfield>
    <subfield code="l">0</subfield>
    <subfield code="o">621.31042 B611</subfield>
    <subfield code="p">13158</subfield>
    <subfield code="r">2025-02-15 13:13:07</subfield>
    <subfield code="t">2</subfield>
    <subfield code="w">2025-02-15</subfield>
    <subfield code="y">BOOK</subfield>
  </datafield>
  <datafield tag="952" ind1=" " ind2=" ">
    <subfield code="0">0</subfield>
    <subfield code="1">0</subfield>
    <subfield code="2">ddc</subfield>
    <subfield code="4">0</subfield>
    <subfield code="7">0</subfield>
    <subfield code="a">SEACOMEC</subfield>
    <subfield code="b">SEACOMEC</subfield>
    <subfield code="d">2008-08-27</subfield>
    <subfield code="l">0</subfield>
    <subfield code="o">621.31042 B611</subfield>
    <subfield code="p">13159</subfield>
    <subfield code="r">2025-02-15 13:13:07</subfield>
    <subfield code="t">3</subfield>
    <subfield code="w">2025-02-15</subfield>
    <subfield code="y">BOOK</subfield>
  </datafield>
  <datafield tag="952" ind1=" " ind2=" ">
    <subfield code="0">0</subfield>
    <subfield code="1">0</subfield>
    <subfield code="2">ddc</subfield>
    <subfield code="4">0</subfield>
    <subfield code="7">0</subfield>
    <subfield code="a">SEACOMEC</subfield>
    <subfield code="b">SEACOMEC</subfield>
    <subfield code="d">2008-08-27</subfield>
    <subfield code="l">0</subfield>
    <subfield code="o">621.31042 B611</subfield>
    <subfield code="p">13160</subfield>
    <subfield code="r">2025-02-15 13:13:07</subfield>
    <subfield code="t">4</subfield>
    <subfield code="w">2025-02-15</subfield>
    <subfield code="y">BOOK</subfield>
  </datafield>
  <datafield tag="952" ind1=" " ind2=" ">
    <subfield code="0">0</subfield>
    <subfield code="1">0</subfield>
    <subfield code="2">ddc</subfield>
    <subfield code="4">0</subfield>
    <subfield code="7">0</subfield>
    <subfield code="a">SEACOMEC</subfield>
    <subfield code="b">SEACOMEC</subfield>
    <subfield code="d">2008-08-27</subfield>
    <subfield code="l">0</subfield>
    <subfield code="o">621.31042 B611</subfield>
    <subfield code="p">13161</subfield>
    <subfield code="r">2025-02-15 13:13:07</subfield>
    <subfield code="t">5</subfield>
    <subfield code="w">2025-02-15</subfield>
    <subfield code="y">BOOK</subfield>
  </datafield>
  <datafield tag="952" ind1=" " ind2=" ">
    <subfield code="0">0</subfield>
    <subfield code="1">0</subfield>
    <subfield code="2">ddc</subfield>
    <subfield code="4">0</subfield>
    <subfield code="7">0</subfield>
    <subfield code="a">SEACOMEC</subfield>
    <subfield code="b">SEACOMEC</subfield>
    <subfield code="d">2008-08-27</subfield>
    <subfield code="l">0</subfield>
    <subfield code="o">621.31042 B611</subfield>
    <subfield code="p">13162</subfield>
    <subfield code="r">2025-02-15 13:13:07</subfield>
    <subfield code="t">6</subfield>
    <subfield code="w">2025-02-15</subfield>
    <subfield code="y">BOOK</subfield>
  </datafield>
  <datafield tag="952" ind1=" " ind2=" ">
    <subfield code="0">0</subfield>
    <subfield code="1">0</subfield>
    <subfield code="2">ddc</subfield>
    <subfield code="4">0</subfield>
    <subfield code="7">0</subfield>
    <subfield code="a">SEACOMEC</subfield>
    <subfield code="b">SEACOMEC</subfield>
    <subfield code="d">2008-08-27</subfield>
    <subfield code="l">0</subfield>
    <subfield code="o">621.31042 B611</subfield>
    <subfield code="p">13163</subfield>
    <subfield code="r">2025-02-15 13:13:07</subfield>
    <subfield code="t">7</subfield>
    <subfield code="w">2025-02-15</subfield>
    <subfield code="y">BOOK</subfield>
  </datafield>
  <datafield tag="952" ind1=" " ind2=" ">
    <subfield code="0">0</subfield>
    <subfield code="1">0</subfield>
    <subfield code="2">ddc</subfield>
    <subfield code="4">0</subfield>
    <subfield code="7">0</subfield>
    <subfield code="a">SEACOMEC</subfield>
    <subfield code="b">SEACOMEC</subfield>
    <subfield code="d">2008-08-27</subfield>
    <subfield code="l">0</subfield>
    <subfield code="o">621.31042 B611</subfield>
    <subfield code="p">13164</subfield>
    <subfield code="r">2025-02-15 13:13:07</subfield>
    <subfield code="t">8</subfield>
    <subfield code="w">2025-02-15</subfield>
    <subfield code="y">BOOK</subfield>
  </datafield>
  <datafield tag="952" ind1=" " ind2=" ">
    <subfield code="0">0</subfield>
    <subfield code="1">0</subfield>
    <subfield code="2">ddc</subfield>
    <subfield code="4">0</subfield>
    <subfield code="7">0</subfield>
    <subfield code="a">SEACOMEC</subfield>
    <subfield code="b">SEACOMEC</subfield>
    <subfield code="d">2008-08-27</subfield>
    <subfield code="l">0</subfield>
    <subfield code="o">621.31042 B611</subfield>
    <subfield code="p">13165</subfield>
    <subfield code="r">2025-02-15 13:13:07</subfield>
    <subfield code="t">9</subfield>
    <subfield code="w">2025-02-15</subfield>
    <subfield code="y">BOOK</subfield>
  </datafield>
  <datafield tag="952" ind1=" " ind2=" ">
    <subfield code="0">0</subfield>
    <subfield code="1">0</subfield>
    <subfield code="2">ddc</subfield>
    <subfield code="4">0</subfield>
    <subfield code="7">0</subfield>
    <subfield code="a">SEACOMEC</subfield>
    <subfield code="b">SEACOMEC</subfield>
    <subfield code="d">2008-08-27</subfield>
    <subfield code="l">0</subfield>
    <subfield code="o">621.31042 B611</subfield>
    <subfield code="p">13166</subfield>
    <subfield code="r">2025-02-15 13:13:07</subfield>
    <subfield code="t">10</subfield>
    <subfield code="w">2025-02-15</subfield>
    <subfield code="y">BOOK</subfield>
  </datafield>
  <datafield tag="952" ind1=" " ind2=" ">
    <subfield code="0">0</subfield>
    <subfield code="1">0</subfield>
    <subfield code="2">ddc</subfield>
    <subfield code="4">0</subfield>
    <subfield code="7">0</subfield>
    <subfield code="a">SEACOMEC</subfield>
    <subfield code="b">SEACOMEC</subfield>
    <subfield code="d">2008-08-27</subfield>
    <subfield code="l">0</subfield>
    <subfield code="o">621.31042 B611</subfield>
    <subfield code="p">13167</subfield>
    <subfield code="r">2025-02-15 13:13:07</subfield>
    <subfield code="t">11</subfield>
    <subfield code="w">2025-02-15</subfield>
    <subfield code="y">BOOK</subfield>
  </datafield>
  <datafield tag="952" ind1=" " ind2=" ">
    <subfield code="0">0</subfield>
    <subfield code="1">0</subfield>
    <subfield code="2">ddc</subfield>
    <subfield code="4">0</subfield>
    <subfield code="7">0</subfield>
    <subfield code="a">SEACOMEC</subfield>
    <subfield code="b">SEACOMEC</subfield>
    <subfield code="d">2008-08-27</subfield>
    <subfield code="l">0</subfield>
    <subfield code="o">621.31042 B611</subfield>
    <subfield code="p">13168</subfield>
    <subfield code="r">2025-02-15 13:13:07</subfield>
    <subfield code="t">12</subfield>
    <subfield code="w">2025-02-15</subfield>
    <subfield code="y">BOOK</subfield>
  </datafield>
  <datafield tag="952" ind1=" " ind2=" ">
    <subfield code="0">0</subfield>
    <subfield code="1">0</subfield>
    <subfield code="2">ddc</subfield>
    <subfield code="4">0</subfield>
    <subfield code="7">0</subfield>
    <subfield code="a">SEACOMEC</subfield>
    <subfield code="b">SEACOMEC</subfield>
    <subfield code="d">2008-08-27</subfield>
    <subfield code="l">0</subfield>
    <subfield code="o">621.31042 B611</subfield>
    <subfield code="p">13169</subfield>
    <subfield code="r">2025-02-15 13:13:07</subfield>
    <subfield code="t">13</subfield>
    <subfield code="w">2025-02-15</subfield>
    <subfield code="y">BOOK</subfield>
  </datafield>
  <datafield tag="952" ind1=" " ind2=" ">
    <subfield code="0">0</subfield>
    <subfield code="1">0</subfield>
    <subfield code="2">ddc</subfield>
    <subfield code="4">0</subfield>
    <subfield code="7">0</subfield>
    <subfield code="a">SEACOMEC</subfield>
    <subfield code="b">SEACOMEC</subfield>
    <subfield code="d">2008-08-27</subfield>
    <subfield code="l">0</subfield>
    <subfield code="o">621.31042 B611</subfield>
    <subfield code="p">13170</subfield>
    <subfield code="r">2025-02-15 13:13:07</subfield>
    <subfield code="t">14</subfield>
    <subfield code="w">2025-02-15</subfield>
    <subfield code="y">BOOK</subfield>
  </datafield>
  <datafield tag="952" ind1=" " ind2=" ">
    <subfield code="0">0</subfield>
    <subfield code="1">0</subfield>
    <subfield code="2">ddc</subfield>
    <subfield code="4">0</subfield>
    <subfield code="7">0</subfield>
    <subfield code="a">SEACOMEC</subfield>
    <subfield code="b">SEACOMEC</subfield>
    <subfield code="d">2008-08-27</subfield>
    <subfield code="l">0</subfield>
    <subfield code="o">621.31042 B611</subfield>
    <subfield code="p">13171</subfield>
    <subfield code="r">2025-02-15 13:13:07</subfield>
    <subfield code="t">15</subfield>
    <subfield code="w">2025-02-15</subfield>
    <subfield code="y">BOOK</subfield>
  </datafield>
  <datafield tag="999" ind1=" " ind2=" ">
    <subfield code="c">1390</subfield>
    <subfield code="d">1390</subfield>
  </datafield>
</record>
